Por el camino, viendo sus orillas / (Record no. 45911)

MARC details
000 -LEADER
campo de control de longitud fija 00758nam a2200241 i 4500
001 - NÚMERO DE CONTROL
campo de control 45911
003 - IDENTIFICADOR DE NÚMERO DE CONTROL
campo de control ES-MaACL
005 - FECHA Y HORA DE LA ÚLTIMA TRANSACCIÓN
campo de control 20250912063038.0
007 - CAMPO FIJO DE DESCRIPCIÓN FÍSICA--INFORMACIÓN GENERAL
campo de control de longitud fija t|
008 - DATOS DE LONGITUD FIJA--INFORMACIÓN GENERAL
campo de control de longitud fija 030327s1986 sp ||||1| spa d
020 ## - NÚMERO INTERNACIONAL ESTÁNDAR DEL LIBRO
Número Internacional Estándar del Libro 84-01-35139-1
100 1# - ENTRADA PRINCIPAL--NOMBRE DE PERSONA
Nombre de persona Conde, Carmen,
Fechas asociadas al nombre 1907-1996
9 (RLIN) 40088
245 10 - MENCIÓN DEL TÍTULO
Título Por el camino, viendo sus orillas /
Mención de responsabilidad, etc. Carmen Conde.
250 ## - MENCION DE EDICION
Mención de edición 1ª ed.
260 ## - PUBLICACIÓN, DISTRIBUCIÓN, ETC.
Lugar de publicación, distribución, etc. Esplugas de Llobregat :
Nombre del editor, distribuidor, etc. Plaza & Janés,
Fecha de publicación, distribución, etc. 1986.
300 ## - DESCRIPCIÓN FÍSICA
Extensión 3 v. ;
Dimensiones 22 cm.
490 1# - MENCIÓN DE SERIE
Mención de serie Biografías y memorias (Plaza & Janés Editores)
RLIN 175931
600 17 - PUNTO DE ACCESO ADICIONAL DE MATERIA--NOMBRE DE PERSONA
Nombre de persona Conde, Carmen,
Fechas asociadas al nombre 1907-1996
Fuente del encabezamiento o término embne
9 (RLIN) 40088
830 10 - PUNTO DE ACCESO ADICIONAL DE SERIE-TÍTULO UNIFORME
Título uniforme Biografías y memorias (Plaza & Janés Editores)
9 (RLIN) 175931
852 ## - LOCALIZACIÓN
Ubicación ES-MaACL
Número de control de estantería L-10503-05
942 ## - ELEMENTOS DE ENTRADA SECUNDARIOS (KOHA)
Fuente del sistema de clasificación o colocación Clasificación decimal universal
Holdings
Estatus retirado Estado de pérdida Estado de daño No para préstamo Biblioteca de origen Biblioteca actual Ubicación en estantería Fecha de adquisición Fuente de adquisición Total de préstamos Signatura topográfica completa Código de barras Visto por última vez Precio de reemplazo Tipo de ítem Koha
        Biblioteca del Ateneo de Madrid Biblioteca del Ateneo de Madrid Depósito 2 17/01/2008     L-10503-05 1048299 23/02/2023 23/02/2023 Libro impreso